पापा जब बच्चे थे / (Record no. 117055)

MARC details
000 -LEADER
fixed length control field 01170nam a22002777a 4500
003 - CONTROL NUMBER IDENTIFIER
control field dpl
005 - DATE AND TIME OF LATEST TRANSACTION
control field 20181004131405.0
008 - FIXED-LENGTH DATA ELEMENTS--GENERAL INFORMATION
fixed length control field 181004b ||||| |||| 00| 0 eng d
010 ## - LIBRARY OF CONGRESS CONTROL NUMBER
LC control number B-051800, B-003858
020 ## - INTERNATIONAL STANDARD BOOK NUMBER
Terms of availability 150.00
International Standard Book Number 8188032018
035 ## - SYSTEM CONTROL NUMBER
System control number B-051800, B-003858
037 ## - SOURCE OF ACQUISITION
Source of stock number/acquisition Cen Lib/Ret
040 ## - CATALOGING SOURCE
Original cataloging agency DPL
Language of cataloging HN
Transcribing agency 00
082 ## - DEWEY DECIMAL CLASSIFICATION NUMBER
Classification number
Item number रास्किन
100 ## - MAIN ENTRY--PERSONAL NAME
Personal name रास्किन, अलेक्सांद्र
9 (RLIN) 42819
245 ## - TITLE STATEMENT
Title पापा जब बच्चे थे /
Statement of responsibility, etc अलेक्सांद्र रास्किन
246 ## - VARYING FORM OF TITLE
Title proper/short title Papa jab bachche the
Remainder of title by Alexandr Raskin
260 ## - PUBLICATION, DISTRIBUTION, ETC. (IMPRINT)
Place of publication, distribution, etc दिल्ली
Name of publisher, distributor, etc दिल्ली पुस्तक सदन
Date of publication, distribution, etc 2001
270 ## - ADDRESS
Address 30/36, गली न.-9, विश्वास नगर शाहदरा
City दिल्ली
Postal code 110032
300 ## - PHYSICAL DESCRIPTION
Extent 112पृष्ठ.
Dimensions 20सेमी(सजिल्द)
650 ## - SUBJECT ADDED ENTRY--TOPICAL TERM
Topical term or geographic name as entry element हिंदी साहित्य
9 (RLIN) 69811
650 ## - SUBJECT ADDED ENTRY--TOPICAL TERM
Topical term or geographic name as entry element हिंदी कहानी
9 (RLIN) 69812
650 ## - SUBJECT ADDED ENTRY--TOPICAL TERM
Topical term or geographic name as entry element Hindi literature
9 (RLIN) 69813
650 ## - SUBJECT ADDED ENTRY--TOPICAL TERM
Topical term or geographic name as entry element hindi story
9 (RLIN) 43117
942 ## - ADDED ENTRY ELEMENTS (KOHA)
Source of classification or shelving scheme Dewey Decimal Classification
Koha item type Hindi Books
Classification part
Call number suffix रास्किन
Holdings
Withdrawn status Lost status Damaged status Not for loan Home library Current library Date acquired Source of acquisition Cost, normal purchase price Total Checkouts Full call number Barcode Date last seen Copy number Cost, replacement price Price effective from Koha item type Source of classification or shelving scheme Collection code
        Central Library Central Library 26/08/2015 Cen Lib /Ret 150.00   क रास्किन B-051800 26/08/2015 1 150.00 26/08/2015 Hindi Books    
        Shahdara Branch Shahdara Branch 04/10/2018   100.00   क रास्किन B-003858 04/10/2018   100.00 04/10/2018 Hindi Books Dewey Decimal Classification Fiction
        Yojana Vihar Yojana Vihar 12/10/2019 BPPD/PUB 150.00   क रास्किन B-51823 12/10/2019   150.00 12/10/2019 Hindi Books Dewey Decimal Classification Fiction

© Delhi Public Library
Hit Counter
free hit counter